000
00197 a2200097 4500
020
_a
9780545488716
041
_a
spa
100
_a
Norman Bridwell
245
_a
Clifford y su cumpleaǫs
942
_c
K
999
_c
30524
_d
30522